[Event "POL-ch U18"]
[Site "Krynica"]
[Date "1998.??.??"]
[Round "?"]
[White "Borowski, Piotr"]
[Black "Stoklosa, Seweryn"]
[Result "0-1"]
[WhiteElo "2160"]
[BlackElo "2055"]
[PlyCount "88"]
[EventDate "1998.??.??"]
[EventType "swiss"]
[EventRounds "11"]
[EventCountry "POL"]
[SourceTitle "EXT 2002"]
[Source "ChessBase"]
[SourceDate "2001.11.25"]
[SourceVersion "1"]
[SourceVersionDate "2001.11.25"]
[SourceQuality "1"]

1. e4 e5 2. Nf3 Nc6 3. Bb5 a6 4. Ba4 Nf6 5. 0-0 b5 6. Bb3 Be7 7. Re1 0-0 8. c3 d6 9. h3 a5 10. a4 b4 11. d4 exd4 12. cxd4 d5 13. e5 Ne4 14. Qc2 Bb7 15. Bxd5 Nxd4 16. Nxd4 Qxd5 17. Nf3 Rfd8 18. Be3 Bc5 19. Bxc5 Nxc5 20. Nbd2 Ne6 21. Rad1 Ba6 22. b3 Qd3 23. Qb2 Qc3 24. Qa2 Bb7 25. Re3 Rd3 26. Rxd3 Qxd3 27. Re1 Rd8 28. Re3 Qg6 29. Nh4 Qg5 30. Ndf3 Rd1+ 31. Kh2 Bxf3 32. Nxf3 Qf4+ 33. g3 Qf5 34. Kg2 g5 35. Qe2 Rc1 36. Qd2 Rc2 37. Qd5 c5 38. Nd2 g4 39. hxg4 Qxg4 40. Rf3 Rc3 41. Rf6 Ng5 42. Rh6 Qd4 43. Qa8+ Kg7 44. Rd6 Qg4 0-1

[Event "POL-ch U18"]
[Site "Krynica"]
[Date "1998.??.??"]
[Round "?"]
[White "Stoklosa, Seweryn"]
[Black "Antoniewski, Rafal"]
[Result "0-1"]
[WhiteElo "2055"]
[BlackElo "2435"]
[PlyCount "134"]
[EventDate "1998.??.??"]
[EventType "swiss"]
[EventRounds "11"]
[EventCountry "POL"]
[SourceTitle "EXT 2002"]
[Source "ChessBase"]
[SourceDate "2001.11.25"]
[SourceVersion "1"]
[SourceVersionDate "2001.11.25"]
[SourceQuality "1"]

1. e4 c5 2. c4 Nc6 3. Nf3 e5 4. Nc3 d6 5. Be2 g6 6. d3 Bg7 7. 0-0 Nge7 8. Bg5 f6 9. Bh4 0-0 10. Nd2 Be6 11. Nd5 g5 12. Bg3 Qd7 13. h4 Ng6 14. Nf3 h6 15. Qd2 Nf4 16. Bd1 Rad8 17. a3 Qf7 18. b4 b6 19. b5 Na5 20. Rc1 Kh8 21. Qe3 Rg8 22. Kh2 Bf8 23. Rh1 Qg6 24. Kg1 Rd7 25. Rh2 Rh7 26. Qd2 h5 27. Qc3 g4 28. Nd2 Nxd5 29. cxd5 Bd7 30. a4 Bh6 31. Ra1 Bxd2 32. Qxd2 f5 33. exf5 Bxf5 34. Bc2 c4 35. Ra3 Nb7 36. Rc3 cxd3 37. Bxd3 Bxd3 38. Rxd3 Nc5 39. Re3 Nxa4 40. Rh1 Rc8 41. Kh2 Rhc7 42. Rf1 Nc5 43. f4 gxf3 44. Rfxf3 Rf7 45. Rxf7 Qxf7 46. Rf3 Qg6 47. Qf2 Rg8 48. Rf5 Ne4 49. Bxe5+ dxe5 50. Qf3 Qg3+ 51. Qxg3 Nxg3 52. Rxe5 Nf1+ 53. Kg1 Nd2 54. Rxh5+ Kg7 55. Rg5+ Kf7 56. Rxg8 Kxg8 57. d6 Kf7 58. d7 Ke7 59. Kf2 Kxd7 60. Ke3 Nc4+ 61. Kf4 Ke6 62. Kg5 Kf7 63. Kh6 Ne3 64. Kg5 Nxg2 65. h5 Ne3 66. Kh6 Kf6 67. Kh7 Kg5 0-1

[Event "POL-ch U18"]
[Site "Krynica"]
[Date "1998.??.??"]
[Round "?"]
[White "Stoklosa, Seweryn"]
[Black "Najbar, Marcin"]
[Result "1-0"]
[WhiteElo "2055"]
[BlackElo "2140"]
[PlyCount "67"]
[EventDate "1998.??.??"]
[EventType "swiss"]
[EventRounds "11"]
[EventCountry "POL"]
[SourceTitle "EXT 2002"]
[Source "ChessBase"]
[SourceDate "2001.11.25"]
[SourceVersion "1"]
[SourceVersionDate "2001.11.25"]
[SourceQuality "1"]

1. e4 c5 2. Nf3 Nc6 3. d4 cxd4 4. Nxd4 g6 5. c4 Nf6 6. Nc3 d6 7. Be2 Nxd4 8. Qxd4 Bg7 9. Bg5 0-0 10. Qd2 Be6 11. f3 Rc8 12. Nd5 Nxd5 13. exd5 Bf5 14. Be3 a6 15. 0-0 e5 16. Rac1 Re8 17. b4 e4 18. c5 Qe7 19. f4 h5 20. Rfd1 Bg4 21. Bxg4 hxg4 22. Rc4 Qd7 23. Rdc1 f5 24. c6 Qf7 25. a4 Qc7 26. b5 g5 27. g3 gxf4 28. gxf4 Bf6 29. b6 Qf7 30. cxb7 Qxb7 31. Rc7 Qb8 32. Qc2 Rcd8 33. Qc6 Kf8 34. b7 1-0